000 01307nam a22003491i 4500
001 bslw10068486
005 20240305165654.0
006 m o d
007 cr un ---uuuua
008 230713s2019 ck a ob 000 0 spa d
020 _a9789587717693
020 _a9789587717709
_q(eISBN)
035 _a38706
040 _aUtOrBLW
_beng
_erda
_cUtOrBLW
050 4 _aHF5681.V3
_bM36 2019
082 0 4 _a657.73
_223
100 1 _aMantilla B., Samuel Alberto
_q(Mantilla Blanco),
_eauthor.
245 1 0 _aValores razonables :
_bperspectiva de los estándares internacionales de información financiera para pymes /
_cSamuel Alberto Mantilla B..
250 _aPrimera edición.
264 1 _aBogotá, Colombia :
_bEcoe Ediciones,
_c2019.
300 _a1 online resource (xi, 202 pages) :
_billustrations (some color)
336 _atext
_btxt
_2rdacontent
337 _acomputer
_bc
_2rdamedia
338 _aonline resource
_bcr
_2rdacarrier
490 1 _aColección: Ciencias Empresariales. Área: Contabilidad y Finanzas
504 _aIncludes bibliographical references.
650 0 _aValuation.
650 0 _aFinancial statements
_xStandards.
830 0 _aColección: Ciencias Empresariales.
_pContabilidad y Finanzas.
856 4 0 _uhttps://app.vlex.com/#/sources/38706
942 _cRAA
999 _c173010
_d173010